Prepositions in TV Shows Quiz Stats

 Plays Quiz Updated Nov 23, 2017

Challenge
Share
Tweet
Score 0/20 Timer 03:00
0 Plays Today
% Correct
By
97.5%
Of
97.3%
Upon
97.1%
On
97.1%
With
96.9%
Up
96.8%
Under
96.8%
Without
96%
From
94.5%
As
94.4%
% Correct
To
94.2%
About
94.1%
Off
92.8%
After
92%
In
91.8%
For
87.7%
Beyond
86.2%
Down
79%
Into
74.8%
Through
65.4%

You're not logged in!

Compare scores with friends on all Sporcle quizzes.
OR
Log In

You Might Also Like...

Show Comments

Extras

Top Quizzes Today


Score Distribution

Your Account Isn't Verified!

In order to create a playlist on Sporcle, you need to verify the email address you used during registration. Go to your Sporcle Settings to finish the process.

Report this User

Report this user for behavior that violates our Community Guidelines.

Details: